Selected Risk Assessment Methods for Project Decision-making
Na minha lista:
| Autor principal: | |
|---|---|
| Outros Autores: | , |
| Formato: | Capítulo de Livro |
| Idioma: | inglês |
| Assuntos: | |
| Tags: |
Sem tags, seja o primeiro a adicionar uma tag!
|
MARC
| LEADER | 00000nla a2200000 4500 | ||
|---|---|---|---|
| 001 | 0210298 | ||
| 005 | 20240502083525.5 | ||
| 041 | 0 | |a eng | |
| 044 | |a US | ||
| 245 | 1 | 0 | |a Selected Risk Assessment Methods for Project Decision-making |c Daniela Rybárová, Slávka Šagátová, Mária Braunová |
| 610 | 2 | 0 | |a manažment |
| 610 | 2 | 0 | |a manažéri |
| 610 | 2 | 0 | |a riadenie podnikové |
| 610 | 2 | 0 | |a riadenie rizík |
| 610 | 2 | 0 | |a metódy riadenia |
| 610 | 2 | 0 | |a rozhodovanie manažérske |
| 610 | 2 | 0 | |a stratégia investičná |
| 610 | 2 | 0 | |a analýzy |
| 100 | 1 | |a Rybárová, Daniela, 1967- | |
| 700 | 1 | |a Šagátová, Slavka, 1975- | |
| 700 | 1 | |a Braunová, Mária | |